|
|
|
|
| LEADER |
00000nam0a2200000 4500 |
| 001 |
347583 |
| 005 |
20231102010020.0 |
| 035 |
|
|
|a (RuTPU)RU\TPU\book\379500
|
| 090 |
|
|
|a 347583
|
| 100 |
|
|
|a 20220520d1987 m y0rusy50 ca
|
| 101 |
0 |
|
|a rus
|
| 102 |
|
|
|a RU
|
| 105 |
|
|
|a y z 000ay
|
| 200 |
1 |
|
|a Избранные сочинения
|f И. С. Тургенев
|
| 210 |
|
|
|a Москва
|c Художественная литература
|d 1987
|
| 215 |
|
|
|a 671 с.
|
| 225 |
1 |
|
|a Библиотека учителя
|
| 330 |
|
|
|a В книгу вошли все произведения великого русского писателя, включенные в школьную программу, и большинство произведений для внеклассного чтения, вместе дающие представление о творчестве писателя. Вступительная статья, раздел приложений, иллюстративный материал и примечания помогут учителю в подготовке уроков.
|
| 606 |
1 |
|
|a Русская литература, дореволюционная
|2 stltpush
|3 (RuTPU)RU\TPU\subj\26371
|9 50314
|
| 610 |
1 |
|
|a художественная литература
|
| 610 |
1 |
|
|a 19 век
|
| 610 |
1 |
|
|a проза
|
| 610 |
1 |
|
|a повести
|
| 610 |
1 |
|
|a романы
|
| 610 |
1 |
|
|a стихотворения
|
| 610 |
1 |
|
|a литературная критика
|
| 675 |
|
|
|a Р1
|v 4
|
| 700 |
|
1 |
|a Тургенев
|b И. С.
|c русский писатель
|f 1818-1883
|g Иван Сергеевич
|2 stltpush
|3 (RuTPU)RU\TPU\pers\1039
|9 462
|
| 801 |
|
1 |
|a RU
|b 63413507
|c 20220520
|
| 801 |
|
2 |
|a RU
|b 63413507
|c 20220720
|g RCR
|
| 942 |
|
|
|c BK
|